000 00889nam a2200265Ia 4500
003 OSt
005 20221005023752.0
006 a|||||r|||| 00| 0
007 ta
008 221004b |||||||| |||| 00| 0 eng d
020 _a9780253223661 (pbk)
_c1840.31
024 _a26295
037 _b1237, 15/03/2016, Selectbook Service Syndicate
_cTextual
040 _aCRL
_cCRL
_beng
041 _2eng
_aeng
082 _aR3xL24:g, Q2
100 _aGoldman Avery
_9580049
245 0 _aKant and the subject of critique
_b On the regulative role of the psychological idea
260 _aBloomington
_bIndiana University Press U.S.A.
_c2012
300 _aix, 249p.
_ccm.
490 _aStudies in continental thought
650 _aPHILOSOPHY
942 _hR3xL24:g, Q2
_cTEXL
_2cc
999 _c931779
_d931779